_Introduction to classical and optics.-4th ed. Jurgen R.Meyer-Arendt (Record no. 13455)
[ view plain ]
| 000 -LEADER | |
|---|---|
| fixed length control field | 00463nam a2200157Ia 4500 |
| 008 - FIXED-LENGTH DATA ELEMENTS--GENERAL INFORMATION | |
| fixed length control field | 151021s9999 xx 000 0 und d |
| 020 ## - INTERNATIONAL STANDARD BOOK NUMBER | |
| International Standard Book Number | 013124356x |
| 050 ## - LIBRARY OF CONGRESS CALL NUMBER | |
| Classification number | QC355.2 .M49 1995 |
| 245 ## - TITLE STATEMENT | |
| Title | _Introduction to classical and optics.-4th ed. Jurgen R.Meyer-Arendt |
| 260 ## - PUBLICATION, DISTRIBUTION, ETC. (IMPRINT) | |
| Place of publication, distribution, etc. | New Jersey Prentice hall 1995 |
| 300 ## - PHYSICAL DESCRIPTION | |
| Extent | xv,431p. |
| 500 ## - GENERAL NOTE | |
| General note | Includes index. |
| 500 ## - GENERAL NOTE | |
| General note | Includes index. |
| 650 ## - SUBJECT ADDED ENTRY--TOPICAL TERM | |
| Topical term or geographic name as entry element | _Optics |
| 980 ## - EQUIVALENCE OR CROSS-REFERENCE-SERIES STATEMENT--PERSONAL NAME/TITLE [LOCAL, CANADA] | |
| Personal name | ^d20130517 01:29:49^oanne |
No items available.